[Event "Guimaraes op 3rd"]
[Site "Guimaraes"]
[Date "2019.08.31"]
[Round "5"]
[White "Ferreira, Eduardo Jose Fernan"]
[Black "Fernandes, Tiago Joao Carneiro"]
[Result "0-1"]
[WhiteElo "1602"]
[BlackElo "1176"]
[PlyCount "80"]
[EventDate "2019.08.28"]
[EventType "swiss"]
[EventRounds "7"]
[EventCountry "POR"]
[SourceTitle "EXT 2020"]
[Source "ChessBase"]
[SourceDate "2019.10.17"]
[SourceVersion "1"]
[SourceVersionDate "2019.10.17"]
[SourceQuality "1"]

1. e4 e5 2. Nf3 Nc6 3. Bc4 Bc5 4. d3 Nf6 5. c3 d6 6. Bb3 Be6 7. Bc2 h6 8. Nbd2 Ng4 9. 0-0 Bxf2+ 10. Rxf2 Ne3 11. Qe2 Nxc2 12. Nb3 Nxa1 13. Nxa1 d5 14. exd5 Qxd5 15. Nb3 0-0-0 16. d4 exd4 17. Nfxd4 Nxd4 18. Nxd4 Qxa2 19. Nxe6 Qxe6 20. Qxe6+ fxe6 21. Be3 Rd1+ 22. Rf1 Rxf1+ 23. Kxf1 a6 24. Bd4 Rg8 25. Ke2 g5 26. g4 Kd7 27. Be5 c5 28. Ke3 Kc6 29. c4 b5 30. b3 bxc4 31. bxc4 Rd8 32. Bg7 Rd4 33. Bxh6 Rxg4 34. Kd3 Rh4 35. Bxg5 Rxh2 36. Bd2 Rxd2+ 37. Kxd2 a5 38. Kc3 e5 39. Kd3 a4 40. Kc3 e4 0-1